000 00470nam a22001697a 4500
999 _c164711
_d164711
005 20190524160642.0
010 _aB-088692
020 _a817211274
_c150.00
035 _aB-088692
037 _bNorthen Book Center
082 _a921
100 _aDavid, Yohanan Ben
245 _aThese days will never come back /
_cYohanan Ben David
260 _aNew Delhi
_bNorthen Book Center
_c2002
300 _a78p.
_c22cm(hbk)
942 _2ddc
_cEN
_h921
_mYOH